| 000 | 00531nam a2200205Ia 4500 | ||
|---|---|---|---|
| 003 | OSt | ||
| 005 | 20221005125035.0 | ||
| 006 | a|||||r|||| 00| 0 | ||
| 007 | ta | ||
| 008 | 221004b |||||||| |||| 00| 0 eng d | ||
| 024 | _a112543 | ||
| 037 | _cTextual | ||
| 040 |
_aCRL _cCRL _beng |
||
| 041 |
_2eng _aeng |
||
| 110 |
_aUnited States Papers _9636116 |
||
| 245 | 0 | _aOrganization Planning and Programming for Eco - Development | |
| 700 |
_aUnited States Papers _9636117 |
||
| 942 |
_cTEXL _2cc |
||
| 999 |
_c1052504 _d1052504 |
||